| 000 | 00833cam a22002413a 4500 | ||
|---|---|---|---|
| 001 | 15784 | ||
| 003 | PGUSA | ||
| 005 | 20140828083334.0 | ||
| 008 | 050507s2005||||xxu|||||s|||||000 | eng d | ||
| 040 |
_aPGUSA _beng |
||
| 042 | _adc | ||
| 050 | 4 | _aD | |
| 100 | 1 |
_aNewton, Isaac, _cSir, _d1642-1727 |
|
| 245 | 1 | 4 |
_aThe Chronology of Ancient Kingdoms Amended : _bTo which is Prefix'd, A Short Chronicle from the First Memory of Things in Europe, to the Conquest of Persia by Alexander the Great _h[electronic resource] / _cIsaac, Newton |
| 260 |
_bProject Gutenberg, _c2005 |
||
| 506 | _aPublic domain in the USA. | ||
| 516 | _aElectronic text | ||
| 653 | _aHistory, Ancient -- Chronology | ||
| 653 | _aBible -- Chronology | ||
| 830 | 0 |
_aProject Gutenberg _v15784 |
|
| 856 | 4 | 0 | _uhttp://www.gutenberg.org/ebooks/15784 |
| 942 | _cEB | ||
| 999 |
_c245039 _d245039 |
||